000 01212nam a2200349 i 4500
001 25411
003 KOSZ 005
005 20210701104115.0
008 071027s1971 pl a f 000 0 pol
015 _aPB 1971/11094
035 _a(OCoLC)830904972
040 _aWA N
_cWA N
_dKOSZ 005/KK
080 _a66:543.2.062:541
100 1 _aModrzejewski, Bolesław.
_eAutor.
245 1 0 _aPomiary pH /
_cBolesław Modrzejewski.
250 _aWydanie 2 rozszerzone i unowocześnione.
260 _aWarszawa :
_bWydawnictwa Naukowo-Techniczne,
_c1971.
300 _a512 stron :
_bilustracje ;
_c23 cm.
336 _2rdacontent
_aTekst
_btxt
337 _2rdamedia
_aBez urządzenia pośredniczącego
_bn
338 _2rdacarrier
_aWolumin
_bnc
380 _aKsiążki.
504 _aBibliografia na stronach 505-506. Indeks.
650 4 _aOdczyn pH.
658 _aChemia
650 4 _aElektrochemia
650 4 _aTechnologia chemiczna
650 4 _aChemiczna analiza ilościowa
710 2 _aWydawnictwa Naukowo-Techniczne
_4pbl.
856 _uhttp://koha.tu.koszalin.pl/cgi-bin/koha/opac-detail.pl?biblionumber=25411
_yKatalog online BPK
942 _2UKD
_cKS
999 _c25411
_d25411